A fogorvosi karon végzettek elhelyezkedésének problémáról ; Egyszerű vizeletgyűjtő szerelék ; A társszerzőség kérdéséről

Elmentve itt :
Bibliográfiai részletek
Szerzők: Kazár György
Udvardi György
Ormos Jenő
Dokumentumtípus: Cikk
Megjelent: 1975
Sorozat:Kolligátum
Kulcsszavak:Egészségügy - tanulmány
Online Access:http://misc.bibl.u-szeged.hu/27251
LEADER 00719nab a2200193 i 4500
001 misc27251
005 20191108145910.0
008 170822s1975 hu o 0|| zxx d
040 |a SZTE Miscellanea Repozitórium  |b hun 
041 |a zxx 
100 1 |a Kazár György 
245 1 2 |a A fogorvosi karon végzettek elhelyezkedésének problémáról ; Egyszerű vizeletgyűjtő szerelék ; A társszerzőség kérdéséről  |h [elektronikus dokumentum] /  |c  Kazár György 
260 |c 1975 
300 |a 1126-1127 
490 0 |a Kolligátum 
695 |a Egészségügy - tanulmány 
700 0 1 |a Udvardi György  |e aut 
700 0 1 |a Ormos Jenő  |e aut 
856 4 0 |u http://misc.bibl.u-szeged.hu/27251/1/020_003_1126-1127.pdf  |z Dokumentum-elérés